Nghiên cứu xác định hàm lượng một số PAHs trong nước và bùn đất ở thôn Trung Sơn, xã Hòa Liên, Hòa Vang, Đà Nẵng bằng phương pháp sắc ký lỏng cao áp
Tổng quan: tổng quan về PSHs. Phương pháp sắc ký phân tích PSHs...Nghiên cứu thực nghiệm...Kết quả và bàn luận.
Sparad:
| Huvudupphovsman: | |
|---|---|
| Övriga upphovsmän: | |
| Materialtyp: | Bok |
| Språk: | Vietnamese |
| Publicerad: |
Đại học Đà Nẵng
ĐH Sư phạm
2011
|
| Ämnen: | |
| Taggar: |
Lägg till en tagg
Inga taggar, Lägg till första taggen!
|
| Thư viện lưu trữ: | Mạng thư viện Đại học Đà Nẵng |
|---|
| LEADER | 01578nam a2200361 4500 | ||
|---|---|---|---|
| 001 | 000012658 | ||
| 003 | 8966 | ||
| 005 | 20120223090236.0 | ||
| 008 | 120223s2011 viesd | ||
| 041 | |a vie | ||
| 072 | |a Luận văn Thạc sĩ | ||
| 082 | |a 543.0894 |b NG-P | ||
| 100 | |a Nguyễn Thị Thu Phương | ||
| 245 | |a Nghiên cứu xác định hàm lượng một số PAHs trong nước và bùn đất ở thôn Trung Sơn, xã Hòa Liên, Hòa Vang, Đà Nẵng bằng phương pháp sắc ký lỏng cao áp |c Nguyễn, Thị Thu Phương | ||
| 260 | |a Đại học Đà Nẵng |b ĐH Sư phạm |c 2011 | ||
| 300 | |a 91 tr. |c 29 cm |e CD. Tóm tắt | ||
| 500 | |a Luận văn Thạc sĩ khoa học. Chuyên ngành: Hóa hữu cơ. Mã số: 60.44.27 | ||
| 520 | |a Tổng quan: tổng quan về PSHs. Phương pháp sắc ký phân tích PSHs...Nghiên cứu thực nghiệm...Kết quả và bàn luận. | ||
| 653 | |a PShs | ||
| 653 | |a Trong nước | ||
| 653 | |a Bùn đất | ||
| 653 | |a Hòa Liên - Hòa Vang - Đà Nẵng | ||
| 700 | |a Bùi Xuân Vững |c T.S |e Hướng dân | ||
| OWN | |a LSP | ||
| AVA | |a UDN50 |b LSP |d 543.0894 NG-P |e available |t Error 5001 Not defined in file expand_doc_bib_avail. |f 1 |g 0 |h N |i 0 |k 1 | ||
| 999 | |a From the UDN01 | ||
| AVA | |a UDN50 |b LSP |d 543.0894 NG-P |e available |t Error 5001 Not defined in file expand_doc_bib_avail. |f 1 |g 0 |h N |i 0 |k 1 | ||
| TYP | |a Monograph | ||
| TYP | |a Printed language | ||
| 980 | |a Mạng thư viện Đại học Đà Nẵng | ||